| 000 | 01332nam0a2200361 4500 | ||
|---|---|---|---|
| 001 | RU\NLR\BIBL_A\012488792 | ||
| 005 | 20210528141139.0 | ||
| 010 |
_a978-5-04-112896-8 _92000 |
||
| 021 |
_aRU _bКН-П-20-075407 _9КН-П-20-5681 |
||
| 035 | _a(NLR Aleph) 012488792 | ||
| 035 | _a(RuMoRGB)010494854 | ||
| 090 |
_a12168245 _c12168245 |
||
| 100 | _a20210329d2020 u y0rusy50 ca | ||
| 101 | 0 | _arus | |
| 102 | _aRU | ||
| 105 | _ay|||z|||000ay | ||
| 181 | 0 |
_ai3 _baxxe |
|
| 182 | 0 | _an | |
| 200 | 1 |
_aВысокая кровь _eроман _fСергей Самсонов |
|
| 203 |
_aТекст _bвизуальный _cнепосредственный |
||
| 210 |
_aМосква _cЭксмо _cInspiria _d2020 |
||
| 215 |
_a637, [2] с. _d22 |
||
| 300 | _aНа обл. авт.: Сергей Самсонов, лауреат премии "Ясная поляна" | ||
| 300 | _aСодержит нецензурную брань | ||
| 333 | _a18+ | ||
| 686 | 2 | _aШ6(2=Р)8-440.4Гр.в. | |
| 700 | 1 |
_7ca _8rus _aСамсонов _bС. А. _cписатель _f1980- _gСергей Анатольевич _982378 _3RU\NLR\AUTH\7799452 |
|
| 942 | _cBOOK | ||
| 980 | _aNBR | ||
| 980 | _aNB | ||